000 00487nam a22001697a 4500
005 20251108164202.0
008 250721s2000 xx 000 0 ara d
082 1 4 _a346.07/عوا
100 1 _aعواد، حازم ربحي
245 1 0 _aمبادىء القانون التجاري /
264 1 _aعمان :
_bدار يافا،
_c2000.
300 _a278ص.
650 1 7 _aالقانون التجاري
700 1 _aجرادة، أحمد يحيى
942 _2ddc
_cBK
999 _c5804
_d5804